Genome duplication: Concepts, mechanisms, evolution and disease (Record no. 174428)

MARC details
000 -LEADER
fixed length control field 00405nam a2200145Ia 4500
008 - FIXED-LENGTH DATA ELEMENTS--GENERAL INFORMATION
fixed length control field 230917s9999||||xx |||||||||||||| ||und||
040 ## - CATALOGING SOURCE
-- 207655
Original cataloging agency VIVEKANANDA LIBRARY
041 ## - Language
-- English
082 ## - DDC NUMBER
Classification number 572.8645 D44G
100 ## - MAIN ENTRY--PERSONAL NAME
Personal name DePamphilis, Melvin L
245 #0 - TITLE STATEMENT
Title Genome duplication: Concepts, mechanisms, evolution and disease
260 ## - PUBLICATION, DISTRIBUTION, ETC. (IMPRINT)
Place of publication, distribution, etc London
Name of publisher, distributor, etc Garland Science
Date of publication, distribution, etc 2011
300 ## - PHYSICAL DESCRIPTION
Pages xiii, 449 p.
942 ## - ADDED ENTRY ELEMENTS (KOHA)
Koha item type Books
Holdings
Withdrawn status Lost status Damaged status Not for loan Location (home branch) Sublocation or collection (holding branch) Date acquired Koha issues (times borrowed) Koha full call number Accession No. Koha date last seen Koha item type
        VIVEKANANDA LIBRARY VIVEKANANDA LIBRARY 07/12/2012 1 572.8645 D44G 327574 30/10/2023 Books
        VIVEKANANDA LIBRARY VIVEKANANDA LIBRARY 07/12/2012   572.8645 D44G 330812 17/09/2023 Books
        VIVEKANANDA LIBRARY VIVEKANANDA LIBRARY 07/12/2012   572.8645 D44G 334187 17/09/2023 Books
© Designed and Maintained by Vivekananda Library, MDU Rohtak